Historia mysli ekonomicznej

Salvato in:
Dettagli Bibliografici
Autore principale: Stankiewicz, Waclaw
Natura: Libro
Lingua:polacco
Pubblicazione: Warszawa Polskie Wydawnictwo Ekonomiczne 1998
Soggetti:
Tags: Aggiungi Tag
Nessun Tag, puoi essere il primo ad aggiungerne!!

MARC

LEADER 00000nam a2200000 4500
001 c122151
005 20221221082543.5
020 |a 83-208-1096-5 
041 0 |a pol 
044 |a PL 
245 1 0 |a Historia mysli ekonomicznej  |c Waclaw Stankiewicz 
264 1 |a Warszawa  |b Polskie Wydawnictwo Ekonomiczne  |c 1998 
300 |a 614 s. 
610 2 0 |a myslenie ekonomické 
610 2 0 |a história 
610 2 0 |a vývoj 
610 2 0 |a doktríny ekonomické 
610 2 0 |a politika hospodárska 
610 2 0 |a veda ekonomická 
610 2 0 |a merkantilizmus 
610 2 0 |a škola klasická 
610 2 0 |a protekcionizmus 
610 2 0 |a socializmus utopický 
610 2 0 |a marginalizmus 
610 2 0 |a neoklasicizmus 
610 2 0 |a inštitucionalizmus 
610 2 0 |a keynesizmus 
610 2 0 |a monetarizmus 
610 2 0 |a teórie ekonomické 
610 2 0 |a ideológia 
100 1 |a Stankiewicz, Waclaw